000 00349nam a2200145Ia 4500
008 230312s9999||||xx |||||||||||||| ||und||
020 _a0-521-86800-6
082 _a621.382
_bMAI-O
100 _aDykes;Brent
245 0 _aWeb Analytics Action Hero
260 _bCambridge
_aUK
_c2008
300 _a324
650 _aComputer
_vComputer
942 _cBK
999 _c15246
_d15246